000 00737nam a2200241 a 4500
003 AR-BaBNM
005 20251128204538.0
008 082120s2002 ||||||||||||||000 | spa||
040 _cAR-BaBNM
100 1 _aBerra, Francisco J.
245 0 0 _aEl taller de torneado
_blecciones teórico-prácticas para los aprendices mecánicos
250 _a3ª ed.
260 _aBuenos Aires
_bInstituto Salesiano de Artes Gráficas
_c1980
300 _a204 p.
_bdiagr., il.
490 0 _aEl taller mecánico del ciclo básico
_vv. 2
650 4 _aENSEÑANZA INDUSTRIAL
650 4 _aENSEÑANZA PROFESIONAL
650 4 _aENSEÑANZA TECNICA
650 4 _aMAQUINAS HERRAMIENTAS
650 4 _aMAQUINAS MOTRICES
942 _cBK
998 _cSILVI
999 _c7859
_d7859